[Event "CZE-ch U12"]
[Site "Herlikovice"]
[Date "2021.10.27"]
[Round "5"]
[White "Markina, Sofiia"]
[Black "Gregor, Alexandr"]
[Result "0-1"]
[WhiteElo "1271"]
[BlackElo "1347"]
[PlyCount "48"]
[EventDate "2021.10.23"]
[EventType "swiss"]
[EventRounds "9"]
[EventCountry "CZE"]
[SourceTitle "EXT 2023"]
[Source "ChessBase"]
[SourceDate "2022.10.05"]
[SourceVersion "1"]
[SourceVersionDate "2022.10.05"]
[SourceQuality "1"]

1. Nf3 d5 2. g3 e6 3. Bg2 Nc6 4. 0-0 Nf6 5. d3 g6 6. Qe1 Bg7 7. e4 0-0 8. e5 Nd7 9. d4 Nb6 10. b3 Bd7 11. Bb2 Rc8 12. Nc3 Ne7 13. Ba3 Re8 14. Ne2 Bb5 15. h4 h5 16. Bh3 Nd7 17. g4 hxg4 18. Bxg4 c5 19. h5 cxd4 20. hxg6 Nxg6 21. Nfxd4 Bxe2 22. Qxe2 Ndxe5 23. Bh5 Qg5+ 24. Kh1 Nf4 0-1

[Event "EU Union-ch U10"]
[Site "Kouty nad Desnou"]
[Date "2021.08.18"]
[Round "5.4"]
[White "Bara, Jan"]
[Black "Markina, Sofiia"]
[Result "1-0"]
[WhiteElo "1449"]
[BlackElo "1216"]
[PlyCount "129"]
[EventDate "2021.08.14"]
[EventType "swiss"]
[EventRounds "9"]
[EventCountry "CZE"]
[SourceTitle "EXT 2022"]
[Source "ChessBase"]
[SourceDate "2021.10.06"]
[SourceVersion "1"]
[SourceVersionDate "2021.10.06"]
[SourceQuality "1"]

1. d4 d5 2. c4 e6 3. Nc3 Nf6 4. Nf3 Be7 5. Bg5 h6 6. Bh4 0-0 7. e3 b6 8. cxd5 Nxd5 9. Nxd5 Bxh4 10. Nxh4 exd5 11. Nf3 Bb7 12. Bd3 Nd7 13. 0-0 Re8 14. Rc1 Rc8 15. Bf5 Rb8 16. Qa4 c6 17. Qxa7 Qc7 18. Qa4 Ra8 19. Qb3 Ba6 20. Rfe1 Nf6 21. Ne5 c5 22. Qc3 Qd6 23. Nf3 g6 24. dxc5 bxc5 25. Bb1 Rac8 26. Rcd1 Bb7 27. e4 d4 28. Qc1 Bxe4 29. Bxe4 Nxe4 30. Qxh6 Nf6 31. Qd2 Kg7 32. b4 Rcd8 33. bxc5 Qxc5 34. Rxe8 Rxe8 35. Qxd4 Qh5 36. h3 Rh8 37. Ne5 g5 38. Ng4 Qg6 39. Qxf6+ Qxf6 40. Nxf6 Kxf6 41. Kf1 Ra8 42. Ra1 Ke5 43. Ke2 f5 44. g3 Rh8 45. Rh1 Ra8 46. Ra1 Rh8 47. a4 Rxh3 48. a5 Rh8 49. a6 Ra8 50. a7 f4 51. g4 Ke4 52. Ra4+ Kd5 53. Kd3 Kc6 54. Ke4 Kb5 55. Ra1 Kc4 56. Kf5 Kd3 57. Kxg5 Ke4 58. Ra4+ Ke5 59. f3 Rg8+ 60. Kh6 Ra8 61. Ra5+ Kf6 62. g5+ Kf7 63. g6+ Kf8 64. g7+ Kg8 65. Rf5 1-0